Guess the WWE Tag-Team/Faction By the Wrestlers in them - Statistics

General Stats
  • This quiz has been taken 139 times
  • The average score is 8 of 13
Answer Stats
Hint Answer % Correct
Kofi Kingston, Xavier Woods, and Big E The New Day
98%
Jimmy Uso, Solo Sikoa, and Roman Reigns(Wiseman: Paul Heyman) The Bloodline
93%
Rhea Ripley, Damian Priest, Finn Balor, Dominik Mysterio, and JD McDonagh The Judgement Day
88%
Gunther, Ludwig Kaiser, and Giovanni Vinci Imperium
84%
Chad Gable, Otis, Akira Tozawa, and Maxxine Dupri Alpha Academy
83%
Bayley, Dakota Kai, Iyo Sky, Asuka, and Kairi Sane Damage Control
81%
Johnny Gargano and Tomaso Ciampa DIY
72%
Valhalla, Ivar, Erik The Viking Raiders
61%
Luke Gallows, Karl Anderson, Michin, and AJ Styles The OC
60%
Elton Prince, and Kit Wilson Pretty Deadly
51%
Brutus Creed, Julius Creed, and Ivy Nile Diamond Mine
29%
Bobby Lashley, Montez Ford, and Angelo Dawkins The Suit Profits
2%
Rey Mysterio, Joaquin Wilde, Cruz Del Toro, Zelina Vega, and Carlito The Latino World Order(LWO)
1%
No matching quizzes found
Score Distribution
Percent of People with Each Score
Percentile by Number Answered
Your Score History
You have not taken this quiz